record de points inscrits sur un match de saison régulière - Statistiques

Statistiques générales
  • Ce quiz a été pris 15 fois
  • Le résultat moyen est 6 sur 13
Statistiques - réponses
Hint Extra Hint Réponse % Correct
100pts 2 mars 1962 Wilt Chamberlain
92%
81pts 22 janvier 2006 Kobe Bryant
83%
71pts 24 avril 1994 David Robinson
67%
71pts 26 février 2023 Damian Lilliard
50%
78pts 8 décembre 1961 Wilt Chamberlain
50%
73pts 16 novembre 1962 Wilt Chamberlain
50%
73pts 9 avril 1978 David Thompson
42%
70pts 24 mars 2017 Devin Booker
42%
72pts 11 mars 1962 Wilt Chamberlain
42%
71pts 2 janvier 2023 Donovan Mitchell
33%
73pts 13 janvier 1962 Wilt Chamberlain
33%
70pts 10 mars 1963 Wilt Chamberlain
33%
71pts 15 novembre 1960 Elgin Baylor
17%
Aucun quiz correspondant
Distribution des résultats
% des personnes avec chaque résultat
Percentile par nombre de réponses
Votre historique - résultats
Vous n’avez pas pris ce quiz